Todas las banderas de Capitales - Estadísticas

Estadísticas generales
  • Esta prueba ha sido intentada 56 veces
  • La puntuación promedio es 30 de 129
Estadísticas de respuestas
Imagen Respuesta % Correcto
Panamá
81%
Taipéi
81%
Dakar
77%
Ankara
73%
Madrid
69%
Abuya
65%
Castries
65%
Ciudad del Vaticano
65%
Managua
65%
Bagdad
62%
Kuala Lumpur
62%
La Habana
62%
Lisboa
62%
Londres
62%
San Marino
62%
Singapur
62%
Conakry
58%
Damasco
58%
Kinsasa
58%
Astaná
54%
Bisáu
54%
Ciudad del Cabo
54%
Funafuti
54%
Honiara
54%
Porto Novo
54%
Praia
54%
Puerto España
54%
Belmopán
50%
Manila
50%
Accra
46%
Adís Abeba
46%
Ámsterdam
46%
Berlín
46%
Dublín
46%
Santo Tomé
46%
Trípoli
46%
Canberra
42%
Jerusalén
42%
Maputo
42%
Monrovia
42%
Libreville
38%
Oslo
38%
París
38%
Budapest
35%
Copenhague
35%
Roma
35%
Washington D.C.
35%
Bucarest
31%
Chisináu
31%
Gaborone
27%
Seúl
27%
Bangkok
23%
Harare
23%
Moscú
23%
Taskent
23%
Biskek
19%
Buenos Aires
19%
Atenas
15%
Tokio
15%
Argel
12%
Naipyidó
12%
Sofía
12%
Varsovia
12%
Vilna
12%
Wellington
12%
Yakarta
12%
Berna
8%
Brasilia
8%
Estocolmo
8%
Kuwait
8%
Ottawa
8%
San Salvador
8%
Ulán Bator
8%
Viena
8%
Abu Dhabi
4%
Amán
4%
Asunción
4%
Ciudad de Guatemala
4%
El Cairo
4%
Ereván
4%
Freetown
4%
Katmandú
4%
Lima
4%
Malabo
4%
Minsk
4%
Mogadiscio
4%
Praga
4%
Andorra La Vieja
0%
Antananarivo
0%
Bakú
0%
Banjul
0%
Beirut
0%
Belgrado
0%
Bogotá
0%
Bratislava
0%
Bruselas
0%
Caracas
0%
Georgetown
0%
Kiev
0%
La Paz
0%
La Valeta
0%
Liubliana
0%
Luxemburgo
0%
Majuro
0%
Mascate
0%
Nairobi
0%
Ngerulmud
0%
Nicosia
0%
Podgorica
0%
Port Louis
0%
Port Moresby
0%
Port Vila
0%
Pretoria
0%
Pristina
0%
Quito
0%
Reikiavik
0%
Riga
0%
San José
0%
Santiago de Chile
0%
Sarajevo
0%
Skopie
0%
Sucre
0%
Tallín
0%
Tegucigalpa
0%
Tiflis
0%
Tirana
0%
Vaduz
0%
Windhoek
0%
Zagreb
0%
No se encontraron pruebas coincidentes
Distribución de puntuación
Porcentaje de gente con cada puntuación
Porcentaje por número respondido
Historial de tus puntuaciones
No has intentado esta prueba.